[Event "11. Lichtenberger Sommer"]
[Site "Berlin"]
[Date "2012.08.26"]
[Round "9.76"]
[White "Bergmann, Jens"]
[Black "Kasper, Peter"]
[Result "0-1"]
[WhiteElo "1946"]
[BlackElo "1822"]
[PlyCount "74"]
[EventDate "2012.??.??"]
[WhiteTeam "SK Tempelhof 1931 e.V."]
[BlackTeam "SG Eckturm"]

1. e4 c6 2. d4 d5 3. Nc3 dxe4 4. Nxe4 Bf5 5. Nc5 b6 6. Nb3 e6 7. a4 Nf6 8. Bf4
Bd6 9. Bxd6 Qxd6 10. Nf3 Nbd7 11. Nh4 Qf4 12. Nxf5 Qxf5 13. Bd3 Qd5 14. O-O O-O
15. f4 c5 16. Qe2 Rac8 17. Ba6 Rc7 18. dxc5 Nxc5 19. Nxc5 Qxc5+ 20. Rf2 Nd5 21.
Qe4 Nf6 22. Qf3 Rd7 23. Bd3 Qd4 24. Ra2 Rfd8 25. g4 g6 26. Kf1 Qd5 27. Qxd5
Nxd5 28. Ra1 Nb4 29. Bc4 Rd2 30. c3 Nc2 31. Rxd2 Rxd2 32. Rc1 Ne3+ 33. Ke1 Nxc4
34. b3 Rxh2 35. bxc4 Rh1+ 36. Kd2 Rxc1 37. Kxc1 h5 0-1

[Event "11. Lichtenberger Sommer"]
[Site "Berlin"]
[Date "2012.08.26"]
[Round "9.77"]
[White "Duric, Rajko"]
[Black "Schönberger, Kay"]
[Result "1-0"]
[WhiteElo "1771"]
[BlackElo "1899"]
[PlyCount "151"]
[EventDate "2012.??.??"]
[WhiteTeam "SC Kreuzberg e.V."]
[BlackTeam "SV Koblenz 03/25"]

1. e4 c5 2. Nc3 Nc6 3. f4 d6 4. Bb5 Bd7 5. Nf3 a6 6. Bxc6 Bxc6 7. d3 e6 8. O-O
b5 9. Qe1 Be7 10. Be3 Nf6 11. h3 Qc7 12. Qf2 b4 13. Ne2 O-O 14. c3 Rab8 15. Ng3
bxc3 16. bxc3 Qa5 17. Qd2 Rb7 18. c4 Qa3 19. Rab1 Rfb8 20. Rxb7 Rxb7 21. Rf2
Bd8 22. f5 e5 23. Bg5 Ba5 24. Qe2 Ne8 25. Qf1 Bc3 26. Qc1 Qa5 27. Bd2 Ba4 28.
Qe1 Bxd2 29. Qxd2 Qxd2 30. Rxd2 Nf6 31. Kf2 Kf8 32. Nf1 h6 33. Ne3 Ke7 34. Nd1
Kd8 35. Rb2 Kc7 36. Rxb7+ Kxb7 37. Nc3 Be8 38. Nd2 Kb6 39. Nb3 a5 40. a4 Bc6
41. Nc1 Nd7 42. g4 Kc7 43. Nb3 Nb6 44. Nxa5 Nxa4 45. Nxc6 Nxc3 46. Ne7 Kd7 47.
Ng8 Ke8 48. f6 Kf8 49. Ne7 g6 50. Nc8 Ke8 51. Nxd6+ Kd7 52. Nxf7 Ke6 53. Nxh6
Kxf6 54. h4 g5 55. h5 Nd1+ 56. Ke2 Nb2 57. Nf5 Na4 58. Ne3 Nc3+ 59. Kd2 Na2 60.
Kc2 Nb4+ 61. Kd2 Nc6 62. Nf5 Nd8 63. Kc3 Ne6 64. Ne3 Kf7 65. Nd1 Nd4 66. Nf2
Ne6 67. Kb3 Ke7 68. Ka4 Kd6 69. Kb5 Nc7+ 70. Kb6 Ne6 71. Kb7 Kd7 72. h6 Nf8 73.
Nd1 Nh7 74. Ne3 Nf6 75. Nf5 Nh7 76. Kb6 1-0

[Event "11. Lichtenberger Sommer"]
[Site "Berlin"]
[Date "2012.08.26"]
[Round "9.78"]
[White "Grothe, Michael"]
[Black "Lippianowski, Stefan"]
[Result "1-0"]
[WhiteElo "1260"]
[BlackElo "1259"]
[PlyCount "53"]
[EventDate "2012.??.??"]
[WhiteTeam "SK König Tegel 1949 e.V."]
[BlackTeam "Treptower SV 1949 e.V."]

1. e4 e5 2. Nf3 Nc6 3. Bc4 Nf6 4. d3 Bc5 5. O-O a6 6. a4 d6 7. Nc3 Bg4 8. h3
Be6 9. Be3 Nd4 10. Nd5 c6 11. Nxf6+ Qxf6 12. Nxd4 Bxd4 13. c3 Ba7 14. Bxa7 Rxa7
15. Qe2 d5 16. exd5 cxd5 17. Bb3 Qg5 18. Rae1 f6 19. Qe3 Qg6 20. Qxa7 Kd7 21.
Qxb7+ Kd8 22. Bxd5 Bxh3 23. Qb6+ Ke7 24. Qc7+ Kf8 25. Qd8+ Qe8 26. Qxe8+ Kxe8
27. gxh3 1-0

[Event "11. Lichtenberger Sommer"]
[Site "Berlin"]
[Date "2012.08.26"]
[Round "9.79"]
[White "Rehder, Frank"]
[Black "Heinrich, Wesko"]
[Result "1-0"]
[WhiteElo "1879"]
[BlackElo "1555"]
[PlyCount "119"]
[EventDate "2012.??.??"]
[WhiteTeam "SC Zugzwang 95 e.V."]
[BlackTeam "SG Narva Berlin e.V."]

1. d4 d5 2. Nf3 c6 3. b3 Bf5 4. Bb2 Nf6 5. e3 e6 6. Bd3 Bxd3 7. Qxd3 Nbd7 8.
O-O Be7 9. Nbd2 Qc7 10. c4 dxc4 11. bxc4 Rd8 12. Qb3 O-O 13. Rab1 Qb6 14. Qc3
Bb4 15. Qc2 Bxd2 16. Nxd2 Qc7 17. f4 c5 18. Rf3 Qc6 19. Rh3 h6 20. Nf3 Ne4 21.
Rd1 Nef6 22. Nd2 b6 23. Rf3 Rfe8 24. Re1 Nf8 25. dxc5 Qxc5 26. Bxf6 gxf6 27.
Rg3+ Ng6 28. Rxg6+ fxg6 29. Qxg6+ Kf8 30. Qxf6+ Kg8 31. Qg6+ Kh8 32. Ne4 Qf8
33. Qf6+ Qxf6 34. Nxf6 Rf8 35. Ne4 Rd3 36. Kf2 Rc8 37. Rc1 Rc6 38. g4 Ra3 39.
Rc2 Ra4 40. Nd2 Rc5 41. h4 b5 42. g5 hxg5 43. hxg5 bxc4 44. Ne4 Rc7 45. Kf3 Ra5
46. Nf6 Rb5 47. Rh2+ Kg7 48. Rh7+ Kg6 49. Rxc7 Ra5 50. Rxc4 Rxa2 51. Rc6 a5 52.
Rxe6 a4 53. Ne4+ Kg7 54. Ra6 a3 55. f5 Ra1 56. Ra7+ Kf8 57. g6 a2 58. Nf2 Rb1
59. Rxa2 Rb7 60. f6 1-0

[Event "11. Lichtenberger Sommer"]
[Site "Berlin"]
[Date "2012.08.26"]
[Round "9.80"]
[White "Bollenbach, Horst"]
[Black "Remboldt, Viktor"]
[Result "0-1"]
[WhiteElo "1742"]
[BlackElo "1802"]
[PlyCount "58"]
[EventDate "2012.??.??"]
[WhiteTeam "SC Friesen Lichtenberg e.V."]
[BlackTeam "Bille SC von 1924 e.V."]

1. e4 e5 2. Nf3 Nc6 3. Bb5 Bc5 4. c3 a6 5. Ba4 b5 6. Bb3 Nf6 7. O-O O-O 8. d4
exd4 9. cxd4 Be7 10. Ng5 d6 11. d5 Ne5 12. f4 Ng6 13. Qd3 Nh5 14. Bd1 Nhxf4 15.
Bxf4 Nxf4 16. Rxf4 Bxg5 17. Rf1 f5 18. Bf3 fxe4 19. Bxe4 Rxf1+ 20. Qxf1 Qf6 21.
Nc3 Qd4+ 22. Kh1 Bg4 23. h3 b4 24. hxg4 bxc3 25. Qf5 cxb2 26. Qxh7+ Kf7 27.
Rf1+ Ke7 28. g3 Rh8 29. Qxh8 Qxe4+ 0-1

[Event "11. Lichtenberger Sommer"]
[Site "Berlin"]
[Date "2012.08.26"]
[Round "9.82"]
[White "Pilgrim, Wilfried"]
[Black "Strehlow, Horst"]
[Result "0-1"]
[WhiteElo "1486"]
[BlackElo "2074"]
[PlyCount "96"]
[EventDate "2012.??.??"]
[WhiteTeam "SC Kreuzberg e.V."]
[BlackTeam "SC Friesen Lichtenberg e.V."]

1. Nf3 Nf6 2. d4 d5 3. c3 b6 4. Bf4 g6 5. e3 Bg7 6. Nbd2 O-O 7. Bd3 Bb7 8. h4
h5 9. Ne5 Nbd7 10. g4 Nxe5 11. Bxe5 Nxg4 12. Nf3 Nxe5 13. Nxe5 Bxe5 14. dxe5 e6
15. Qd2 d4 16. Rh3 dxc3 17. bxc3 Qd5 18. Ke2 Qxe5 19. Rg1 Be4 20. Rg5 Bxd3+ 21.
Qxd3 Qf6 22. Rhg3 Kg7 23. Rxh5 Rfd8 24. Qe4 Rd5 25. Rxd5 exd5 26. Qxd5 Rd8 27.
Qc4 c5 28. h5 Qd6 29. Qb3 Qd2+ 30. Kf3 Qd1+ 31. Qxd1 Rxd1 32. Ke2 Ra1 33. a3
Rxa3 34. Kd3 b5 35. hxg6 b4 36. Kc2 Rxc3+ 37. Kb2 fxg6 38. Rg1 Ra3 39. e4 Kf6
40. f4 Re3 41. e5+ Kf5 42. Rf1 c4 43. Kc2 a5 44. Kd2 Rh3 45. Kc2 Rh2+ 46. Kb1
a4 47. Rd1 c3 48. Rd4 b3 0-1

[Event "11. Lichtenberger Sommer"]
[Site "Berlin"]
[Date "2012.08.26"]
[Round "9.83"]
[White "Knopf, Roland"]
[Black "Jachym, Christoph"]
[Result "1-0"]
[WhiteElo "1886"]
[BlackElo "1629"]
[PlyCount "53"]
[EventDate "2012.??.??"]
[WhiteTeam "SC Kreuzberg e.V."]
[BlackTeam "SC Zugzwang 95 e.V."]

1. d4 d5 2. c4 Nc6 3. Nf3 Bg4 4. cxd5 Bxf3 5. dxc6 Bxc6 6. Nc3 e6 7. e4 Bb4 8.
f3 Nf6 9. Be3 O-O 10. Bd3 Re8 11. O-O e5 12. d5 Bd7 13. Qb3 a5 14. a3 Bf8 15.
a4 Nh5 16. Rac1 Nf4 17. Bc4 Qg5 18. Bxf4 exf4 19. d6 Be6 20. Bxe6 Rxe6 21. Qxb7
Rg6 22. Rc2 Rd8 23. dxc7 Rh6 24. cxd8=Q Qxd8 25. Nd5 Qh4 26. h3 Qg3 27. Qb8 1-0

[Event "11. Lichtenberger Sommer"]
[Site "Berlin"]
[Date "2012.08.26"]
[Round "9.85"]
[White "Lohse, Steffen"]
[Black "Theilig, Reinhard"]
[Result "1/2-1/2"]
[WhiteElo "1928"]
[BlackElo "1722"]
[PlyCount "80"]
[EventDate "2012.??.??"]
[WhiteTeam "SV Osram e.V."]
[BlackTeam "VfB Hermsdorf e.V."]

1. d4 Nf6 2. e3 e6 3. c3 d5 4. f4 Be7 5. Nf3 O-O 6. Bd3 h6 7. Nbd2 Nbd7 8. O-O
c5 9. b3 a6 10. a4 b6 11. Ne5 Bb7 12. Qf3 Qc7 13. Bb2 c4 14. Bc2 b5 15. b4 Bxb4
16. Nb1 Be7 17. Ba3 Nxe5 18. fxe5 Nh7 19. Bxh7+ Kxh7 20. Nd2 Bxa3 21. Rxa3 f6
22. Qg4 fxe5 23. Nf3 exd4 24. exd4 Qe7 25. Raa1 Rf6 26. Ne5 Raf8 27. Nf3 Bc8
28. Qh4 Kg8 29. axb5 axb5 30. Rf2 g5 31. Qg3 b4 32. cxb4 Qxb4 33. Raf1 Qe7 34.
h4 Qg7 35. hxg5 hxg5 36. Qd6 g4 37. Ne5 Rxf2 38. Rxf2 Rxf2 39. Kxf2 Qf8+ 40.
Qxf8+ Kxf8 1/2-1/2

[Event "11. Lichtenberger Sommer"]
[Site "Berlin"]
[Date "2012.08.26"]
[Round "9.86"]
[White "Schlittermann, Wolfgang"]
[Black "Möller, Dirk"]
[Result "1-0"]
[WhiteElo "1755"]
[BlackElo "1686"]
[PlyCount "71"]
[EventDate "2012.??.??"]
[WhiteTeam "SV Osram e.V."]
[BlackTeam "SC Kreuzberg e.V."]

1. f4 d5 2. Nf3 c5 3. e3 Nc6 4. c4 e6 5. cxd5 exd5 6. Bb5 Bd7 7. O-O Nf6 8. b3
Bd6 9. Bb2 O-O 10. Bxf6 Qxf6 11. Nc3 Be6 12. Rc1 Rac8 13. Qe1 a6 14. Be2 Qg6
15. Nh4 Qh6 16. g4 f6 17. f5 Bf7 18. Nf3 g6 19. Qh4 Qg7 20. fxg6 Bxg6 21. Nxd5
Rcd8 22. Nf4 Bxf4 23. exf4 Rfe8 24. Rfe1 Be4 25. Rxc5 Bxf3 26. Bxf3 Rxe1+ 27.
Qxe1 Qd7 28. Rd5 Qc7 29. Rxd8+ Nxd8 30. Kg2 Nf7 31. Bd5 Qd7 32. Qe6 Qxe6 33.
Bxe6 b5 34. b4 Kf8 35. Bc8 Nd6 36. Bxa6 1-0

[Event "11. Lichtenberger Sommer"]
[Site "Berlin"]
[Date "2012.08.26"]
[Round "9.87"]
[White "Pöltelt, Helmut"]
[Black "Schrodt, Horst"]
[Result "1-0"]
[WhiteElo "1732"]
[BlackElo "1730"]
[PlyCount "121"]
[EventDate "2012.??.??"]
[WhiteTeam "SC Rochade e.V."]
[BlackTeam "SC Eintracht Berlin e.V."]

1. e4 c6 2. d4 d5 3. Nc3 dxe4 4. Nxe4 Bf5 5. Ng3 Bg6 6. Nf3 Nd7 7. h4 h6 8. h5
Bh7 9. Bd3 Bxd3 10. Qxd3 Ngf6 11. Bd2 e6 12. O-O-O Qc7 13. c4 Bd6 14. Ne4 Bf4
15. Kb1 Bxd2 16. Nxf6+ Nxf6 17. Qxd2 Qb6 18. Ne5 O-O 19. f3 Rad8 20. Qe3 a5 21.
g4 a4 22. g5 hxg5 23. h6 g6 24. h7+ Kg7 25. Qxg5 Qc7 26. Rh4 c5 27. Rdh1 Qe7
28. dxc5 Kh8 29. c6 Nd5 30. Qxe7 Nxe7 31. cxb7 f6 32. b8=Q Rxb8 33. Nd7 Nf5 34.
R4h3 Ne3 35. Nxf8 Rxf8 36. c5 Rb8 37. f4 Nd5 38. R3h2 a3 39. b3 Ne3 40. Re2 Nd5
41. Rxe6 Rf8 42. Rh4 Nc3+ 43. Kc2 Nxa2 44. Rb6 g5 45. fxg5 fxg5 46. Rh2 Ra8 47.
b4 Nxb4+ 48. Rxb4 a2 49. Rh1 a1=Q 50. Rxa1 Rxa1 51. Rg4 Kxh7 52. Rxg5 Ra8 53.
Kc3 Kh6 54. Rg2 Ra4 55. Kb3 Re4 56. c6 Re8 57. Kb4 Rb8+ 58. Kc5 Rc8 59. Kd6
Rd8+ 60. Kc7 Rd1 61. Rc2 1-0

[Event "11. Lichtenberger Sommer"]
[Site "Berlin"]
[Date "2012.08.26"]
[Round "9.88"]
[White "Herrmann, Eberhard"]
[Black "Köhler, Hans-Christian"]
[Result "1-0"]
[WhiteElo "1859"]
[BlackElo "1431"]
[PlyCount "59"]
[EventDate "2012.??.??"]
[WhiteTeam "SC Friesen Lichtenberg e.V."]
[BlackTeam "Schachgemeinschaft 2011 Sennewit"]

1. e4 c5 2. Nf3 d6 3. Bc4 Bg4 4. Bxf7+ Kd7 5. Ne5+ dxe5 6. Qxg4+ Kc7 7. Bxg8
Rxg8 8. Qe6 Rh8 9. Qxe5+ Qd6 10. Qh5 g6 11. Qh3 Bg7 12. Nc3 Bxc3 13. Qxc3 Nc6
14. d3 e5 15. a3 Nd4 16. b4 Kc6 17. Be3 Rhf8 18. Qb2 b6 19. Rc1 Qe6 20. c3 Nb5
21. bxc5 bxc5 22. d4 Qc4 23. dxc5 Rab8 24. Qb4 Qa2 25. O-O Qxa3 26. Qc4 Nc7 27.
Rfd1 Rf6 28. Rd6+ Rxd6 29. cxd6+ Kxd6 30. Rd1+ 1-0

[Event "11. Lichtenberger Sommer"]
[Site "Berlin"]
[Date "2012.08.26"]
[Round "9.90"]
[White "Schönemann, Manfred"]
[Black "Dittrich, Tom"]
[Result "1/2-1/2"]
[WhiteElo "1788"]
[BlackElo "1627"]
[PlyCount "69"]
[EventDate "2012.??.??"]
[WhiteTeam "SV Turbine Berlin e.V."]
[BlackTeam "SG Blau-Weiß Stadtilm"]

1. d4 Nf6 2. c4 e5 3. dxe5 Ng4 4. Qd5 Nc6 5. Nf3 Bb4+ 6. Nc3 Qe7 7. Bg5 Bxc3+
8. bxc3 f6 9. exf6 Nxf6 10. Qd3 O-O 11. Nd4 Ne5 12. Qg3 d6 13. e4 Be6 14. f4
Nxc4 15. Bd3 Nb6 16. O-O Qe8 17. f5 Bd7 18. Rae1 Rc8 19. Bxf6 Rxf6 20. e5 dxe5
21. Rxe5 Qf7 22. Ne6 Bxe6 23. Rxe6 Re8 24. Rxe8+ Qxe8 25. Re1 Qc6 26. Qe5 Qd7
27. Bc2 Kf8 28. g4 Rf7 29. Bb3 Re7 30. Be6 Nc4 31. Qf4 Qd2 32. Re4 Qxf4 33.
Rxf4 Nd6 34. c4 c5 35. h4 1/2-1/2

[Event "11. Lichtenberger Sommer"]
[Site "Berlin"]
[Date "2012.08.26"]
[Round "9.91"]
[White "Fontaine, Constantin"]
[Black "Koerber, Bernhard"]
[Result "0-1"]
[WhiteElo "1343"]
[BlackElo "1643"]
[PlyCount "62"]
[EventDate "2012.??.??"]
[WhiteTeam "SK Tempelhof 1931 e.V."]
[BlackTeam "SK Zehlendorf e.V."]

1. g3 e5 2. Bg2 d5 3. d3 c5 4. c3 Nc6 5. Qc2 Be6 6. e4 d4 7. cxd4 cxd4 8. Nd2
Rc8 9. Ne2 b5 10. a3 Nb4 11. Qxc8 Qxc8 12. axb4 a6 13. O-O Bxb4 14. f4 f6 15.
f5 Bf7 16. g4 Ne7 17. g5 O-O 18. gxf6 gxf6 19. Nf3 Kh8 20. Bh6 Rg8 21. Rac1 Qd7
22. h4 Nxf5 23. exf5 Qxf5 24. Kh2 Qh5 25. Rc7 Bd5 26. Ng3 Qxh6 27. Nf5 Qf4+ 28.
Kg1 Qxf5 29. Ng5 Qxf1+ 30. Kxf1 Bxg2+ 31. Kxg2 fxg5 0-1

[Event "11. Lichtenberger Sommer"]
[Site "Berlin"]
[Date "2012.08.26"]
[Round "9.92"]
[White "Kohlmeyer, Dagobert"]
[Black "Stiewe, Frank"]
[Result "1-0"]
[WhiteElo "1895"]
[BlackElo "1679"]
[PlyCount "105"]
[EventDate "2012.??.??"]
[WhiteTeam "SC Rochade e.V."]
[BlackTeam "vereinslos"]

1. d4 d5 2. e3 e6 3. Nf3 Nf6 4. c4 Bb4+ 5. Bd2 Bxd2+ 6. Nbxd2 c6 7. c5 b5 8.
Bd3 a5 9. O-O h6 10. a3 Qc7 11. Qc2 Nbd7 12. h3 Nf8 13. a4 b4 14. Ne5 Ba6 15.
Rfe1 Bxd3 16. Qxd3 N8d7 17. f4 Nxe5 18. fxe5 Nh7 19. e4 O-O 20. exd5 exd5 21.
e6 Ng5 22. exf7+ Rxf7 23. Re5 Re7 24. Rae1 Rxe5 25. Rxe5 Nf7 26. Re6 Ng5 27.
Re1 Qf7 28. h4 Ne6 29. Rf1 Qd7 30. Nb3 Qc7 31. Qf5 Qd7 32. Re1 Nxc5 33. Qxd7
Nxd7 34. Re7 Nb6 35. Nc5 Rc8 36. b3 Kf8 37. Ra7 Ra8 38. Ne6+ Kg8 39. Rxg7+ Kh8
40. Rc7 Nxa4 41. Rxc6 Nb2 42. Nf4 a4 43. bxa4 Nc4 44. Rxh6+ Kg7 45. Rg6+ Kf7
46. Rg3 Rxa4 47. Nxd5 Nd2 48. Rd3 Ra1+ 49. Kh2 b3 50. Rxd2 Rb1 51. Ne3 b2 52.
Nd1 Rc1 53. Nxb2 1-0

[Event "11. Lichtenberger Sommer"]
[Site "Berlin"]
[Date "2012.08.26"]
[Round "9.93"]
[White "Toth, Hans-Jürgen"]
[Black "Bastian, Reinhard"]
[Result "1/2-1/2"]
[WhiteElo "1638"]
[BlackElo "1620"]
[PlyCount "146"]
[EventDate "2012.??.??"]
[WhiteTeam "Schachfreunde Zehdenick 76 e.V."]
[BlackTeam "vereinslos"]

1. f4 f5 2. Nf3 Nf6 3. e3 e6 4. b3 d5 5. Bb2 c6 6. Be2 Bd6 7. O-O O-O 8. Ne5
Nbd7 9. d4 Ne4 10. Nd2 Qh4 11. Ndf3 Qe7 12. Bd3 Rf6 13. Bxe4 fxe4 14. Nxd7 Bxd7
15. Ne5 Raf8 16. g3 Be8 17. a4 Rh6 18. Ng4 Rg6 19. Ne5 Rgf6 20. Qc1 Bh5 21. Ba3
Bxa3 22. Qxa3 Qxa3 23. Rxa3 Be8 24. b4 g5 25. Ng4 Rg6 26. fxg5 Rxf1+ 27. Kxf1
Rxg5 28. Ne5 Bh5 29. Kg2 Rf5 30. g4 Rg5 31. Kg3 Bxg4 32. Nxg4 h5 33. h3 hxg4
34. hxg4 e5 35. c3 exd4 36. cxd4 Rg6 37. Ra2 Kg7 38. Rf2 Rh6 39. Rf1 Rh8 40. g5
Rh5 41. Kg4 Rh2 42. Rf6 Rb2 43. Kf5 Rxb4 44. g6 Rb6 45. Rd6 Rb2 46. Rd7+ Kg8
47. Ke6 Rg2 48. Rxb7 Rxg6+ 49. Ke5 Kf8 50. Kf5 Rh6 51. Rxa7 Ke8 52. a5 Kd8 53.
Rg7 Kc8 54. a6 Kb8 55. Re7 Ka8 56. Re6 Rh3 57. Rxc6 Rxe3 58. Ke5 Rh3 59. Kxd5
e3 60. Re6 Ka7 61. Kc4 e2 62. d5 e1=Q 63. Rxe1 Kxa6 64. Re6+ Kb7 65. Kc5 Kc8
66. Kc6 Rc3+ 67. Kd6 Ra3 68. Re8+ Kb7 69. Kd7 Rh3 70. d6 Rh7+ 71. Re7 Rh8 72.
Ke6+ Kc8 73. Rc7+ Kd8 1/2-1/2

[Event "11. Lichtenberger Sommer"]
[Site "Berlin"]
[Date "2012.08.26"]
[Round "9.95"]
[White "Kollars, Michael"]
[Black "Zelanti, Markus"]
[Result "0-1"]
[WhiteElo "1649"]
[BlackElo "1487"]
[PlyCount "80"]
[EventDate "2012.??.??"]
[WhiteTeam "Delmenhorster SK V 1931"]
[BlackTeam "Queer-Springer SSV Berlin"]

1. c4 f5 2. Nc3 Nf6 3. Nf3 g6 4. d3 Bg7 5. g3 O-O 6. Bg2 Qe8 7. O-O e5 8. Nb5
Na6 9. e3 Qe7 10. Rb1 c6 11. Nc3 Nc7 12. Qb3 Kh8 13. d4 e4 14. Nd2 b6 15. f3
exf3 16. Nxf3 Ng4 17. Nd1 d5 18. Nf2 Ba6 19. Nxg4 Bxc4 20. Qc3 fxg4 21. Nd2
Bxf1 22. Nxf1 Qe6 23. Bd2 Qf5 24. Qc1 Rae8 25. Qd1 Nb5 26. Bc3 Qf2+ 27. Kh1
Nxc3 28. bxc3 b5 29. a3 h5 30. Qe1 Qxe1 31. Rxe1 Rf2 32. Ra1 Rc2 33. a4 a6 34.
axb5 axb5 35. h3 Rxc3 36. hxg4 hxg4 37. Kh2 Bh6 38. e4 dxe4 39. Kh1 e3 40. Re1
e2 0-1

[Event "11. Lichtenberger Sommer"]
[Site "Berlin"]
[Date "2012.08.26"]
[Round "9.96"]
[White "Mildenberger, Hans"]
[Black "Tschirschwitz, Stephan"]
[Result "1-0"]
[WhiteElo "1626"]
[BlackElo "1557"]
[PlyCount "97"]
[EventDate "2012.??.??"]
[WhiteTeam "SG BVG Helmholtz 55"]
[BlackTeam "SG Lasker Steglitz-Wilmersdorf"]

1. e4 c5 2. c3 Nc6 3. d4 d6 4. d5 Ne5 5. f4 Ng4 6. Bb5+ Bd7 7. Bxd7+ Qxd7 8.
Na3 N8f6 9. Qe2 a6 10. Nf3 b5 11. Bd2 e5 12. f5 Be7 13. O-O Nh6 14. Nc2 O-O 15.
h3 Nh5 16. Kh2 f6 17. Nh4 Nf4 18. Bxf4 exf4 19. Rxf4 g5 20. fxg6 hxg6 21. Nxg6
Rf7 22. Rh4 Rh7 23. Qe3 Nf7 24. Nxe7+ Qxe7 25. Rxh7 Kxh7 26. Qf4 Ng5 27. Qf5+
Kg7 28. Re1 Rh8 29. Re3 Qe5+ 30. Qxe5 fxe5 31. Kg3 Kg6 32. Ne1 Nh7 33. Nf3 Nf6
34. Nd2 Kg5 35. Rf3 Nh5+ 36. Kh2 Nf4 37. Nf1 Rh4 38. Rg3+ Kf6 39. Rg4 Rh8 40.
Ng3 a5 41. Nf5 Rd8 42. g3 Nxd5 43. Rh4 Ne7 44. Rh6+ Kg5 45. Rxd6 Rxd6 46. Nxd6
Kf6 47. Nxb5 Nd5 48. exd5 e4 49. Kg2 1-0

[Event "11. Lichtenberger Sommer"]
[Site "Berlin"]
[Date "2012.08.26"]
[Round "9.97"]
[White "Korb, Viktor"]
[Black "Gnaß, Erhard"]
[Result "1/2-1/2"]
[WhiteElo "1629"]
[BlackElo "1528"]
[PlyCount "82"]
[EventDate "2012.??.??"]
[WhiteTeam "SF Siemensstadt"]
[BlackTeam "SK Zehlendorf e.V."]

1. e4 e5 2. Nf3 Nc6 3. Bb5 Nge7 4. O-O g6 5. c3 Bg7 6. d4 O-O 7. d5 Nb8 8. d6
cxd6 9. Qxd6 Nec6 10. Bc4 Kh8 11. Ng5 Qe8 12. b3 h6 13. Nxf7+ Rxf7 14. Bxf7
Qxf7 15. Na3 Bf8 16. Qd3 Na6 17. b4 Nc7 18. f4 Qe7 19. Nc4 d6 20. Qg3 b5 21.
Ne3 Bd7 22. Qxg6 Qg7 23. Qh5 Be8 24. Qf3 Bd7 25. f5 Ne8 26. Ng4 Qh7 27. Qd3 h5
28. Nf2 Be7 29. Qxb5 Rb8 30. Qd3 Nd8 31. a4 Nf7 32. Be3 Bg5 33. Bxa7 Rc8 34.
Be3 Nf6 35. Nh3 Bxe3+ 36. Qxe3 Rc4 37. Nf2 Qg8 38. Qd3 Qc8 39. Qg3 Qg8 40. Qd3
Qc8 41. Qg3 Qg8 1/2-1/2

[Event "11. Lichtenberger Sommer"]
[Site "Berlin"]
[Date "2012.08.26"]
[Round "9.98"]
[White "Geist, Wolfgang"]
[Black "Schreiber, Ben-Luca"]
[Result "0-1"]
[WhiteElo "1306"]
[BlackElo "1677"]
[PlyCount "94"]
[EventDate "2012.??.??"]
[WhiteTeam "SSV 90 Artern"]
[BlackTeam "SG Lasker Steglitz-Wilmersdorf"]

1. d4 Nf6 2. Nf3 d5 3. e3 c6 4. c3 Bg4 5. Be2 Nbd7 6. h3 Bh5 7. Nbd2 e6 8. Ne5
Bxe2 9. Qxe2 Nxe5 10. dxe5 Nd7 11. Nf3 Qc7 12. e4 Nxe5 13. exd5 Nxf3+ 14. Qxf3
cxd5 15. O-O Bd6 16. Bg5 O-O 17. Bh4 Qb6 18. Rab1 Rac8 19. Bg3 Rfd8 20. Bxd6
Rxd6 21. Qe2 Re8 22. Qc2 e5 23. Qa4 Rde6 24. a3 d4 25. c4 h6 26. b4 Qa6 27. Qb3
Qc6 28. Rb2 Rg6 29. f3 Qe6 30. Kh2 Rc8 31. c5 Qxb3 32. Rxb3 Rf6 33. Re1 Re6 34.
g4 Rce8 35. Re4 Kh7 36. h4 g6 37. b5 f5 38. Re1 fxg4 39. fxg4 e4 40. Rbb1 e3
41. Rbd1 Rd8 42. Rd3 Kg7 43. Re2 Kf6 44. Kg3 g5 45. h5 Re4 46. a4 Rc8 47. c6
bxc6 0-1

[Event "11. Lichtenberger Sommer"]
[Site "Berlin"]
[Date "2012.08.26"]
[Round "9.99"]
[White "Schulz, Martin"]
[Black "Günther, Boris"]
[Result "0-1"]
[WhiteElo "1648"]
[BlackElo "1433"]
[PlyCount "84"]
[EventDate "2012.??.??"]
[WhiteTeam "KSC Strausberg Abt. Schach"]
[BlackTeam "SF Friedrichshagen"]

1. e4 e5 2. Bc4 Nf6 3. d4 exd4 4. Qxd4 Nc6 5. Qd1 Nxe4 6. Bxf7+ Kxf7 7. Qd5+
Ke8 8. Qxe4+ Qe7 9. Qxe7+ Bxe7 10. c3 d5 11. Ne2 Bf5 12. Be3 Ne5 13. Nc1 Nc4
14. b3 Nxe3 15. fxe3 Bf6 16. Rf1 Bxb1 17. Rxb1 Bxc3+ 18. Ke2 Ke7 19. Nd3 Raf8
20. Rxf8 Rxf8 21. h3 Kd6 22. Rf1 Rxf1 23. Kxf1 c5 24. Ke2 g5 25. g4 b5 26. Kd1
c4 27. bxc4 bxc4 28. Kc2 Bg7 29. Nb4 a5 30. Na6 Ke5 31. Nc5 Bh8 32. Kd2 h6 33.
Ke2 Bg7 34. Kd2 d4 35. exd4+ Kd5 36. Nb7 a4 37. Nc5 a3 38. Na4 Bxd4 39. Nc3+
Bxc3+ 40. Kxc3 Kc5 41. Kc2 Kd4 42. Kc1 Kc3 0-1

[Event "11. Lichtenberger Sommer"]
[Site "Berlin"]
[Date "2012.08.26"]
[Round "9.100"]
[White "Stark, Steven"]
[Black "Kramer, Ralf"]
[Result "0-1"]
[WhiteElo "1569"]
[BlackElo "1633"]
[PlyCount "106"]
[EventDate "2012.??.??"]
[WhiteTeam "BSC Rehberge 1945 e.V."]
[BlackTeam "SV Königsjäger Süd-West e.V."]

1. d4 Nf6 2. Nc3 d5 3. e3 a6 4. Be2 Bf5 5. g4 Bg6 6. Nh3 h6 7. Nf4 Bh7 8. Rg1
e6 9. h3 Bb4 10. a3 Bxc3+ 11. bxc3 Ne4 12. Bb2 Qh4 13. Rg2 g5 14. Bf3 gxf4 15.
Bxe4 Bxe4 16. Rh2 fxe3 17. Qe2 exf2+ 18. Qxf2 Qxf2+ 19. Rxf2 Nd7 20. O-O-O Rh7
21. Re1 Nb6 22. Ba1 Nc4 23. Bb2 a5 24. Kb1 Ra6 25. Ka2 b5 26. Ba1 Bg6 27. Rb1
Rb6 28. Bb2 Kd7 29. h4 h5 30. g5 Rh8 31. Rbf1 Ke7 32. Bc1 b4 33. cxb4 axb4 34.
Rg1 Ra8 35. Rg3 Nd6 36. Rh2 Ne4 37. Rgh3 Rc6 38. Kb3 bxa3 39. Bxa3+ Kd7 40. c3
Nxc3 41. Rxc3 Rxa3+ 42. Kxa3 Rxc3+ 43. Kb4 Rc4+ 44. Kb5 Rxd4 45. Kc5 Rc4+ 46.
Kb5 Bd3 47. Rd2 Bg6 48. Rh2 Kd6 49. Rh3 Ke5 50. Ka6 Kf4 51. Rh1 Kg3 52. Kb7 Kg2
53. Ra1 Rxh4 0-1

[Event "11. Lichtenberger Sommer"]
[Site "Berlin"]
[Date "2012.08.26"]
[Round "9.102"]
[White "Meinicke, Kurt"]
[Black "Hubbe, Bernd"]
[Result "0-1"]
[WhiteElo "1547"]
[BlackElo "1409"]
[PlyCount "104"]
[EventDate "2012.??.??"]
[WhiteTeam "BSG 1827 Eckbauer e.V."]
[BlackTeam "SC Rotation Pankow e.V."]

1. d4 d5 2. c4 c5 3. cxd5 Qxd5 4. Nc3 Qxd4 5. Be3 Qxd1+ 6. Rxd1 Na6 7. g3 e6 8.
Bg2 Rb8 9. Nb5 Ra8 10. Bf4 Be7 11. Nd6+ Bxd6 12. Bxd6 Nf6 13. Nf3 Ne4 14. Ne5
Nxd6 15. Rxd6 Rb8 16. O-O O-O 17. Rfd1 b6 18. Nc6 Rb7 19. Rd8 g6 20. Rxf8+ Kxf8
21. Rd8+ Kg7 22. Rxc8 Rd7 23. h4 Rd2 24. g4 Rxb2 25. g5 h6 26. Ne5 Rxe2 27.
gxh6+ Kxh6 28. Nxf7+ Kg7 29. Ng5 Re1+ 30. Kh2 Re2 31. Kg3 e5 32. a3 Ra2 33.
Ne6+ Kf6 34. Bd5 Rxa3+ 35. Kg2 Nb4 36. Nc7 Nxd5 37. Nxd5+ Ke6 38. Ne3 Rd3 39.
Re8+ Kf6 40. Ng4+ Kf7 41. Rxe5 c4 42. Re1 Rd4 43. Re3 Rxg4+ 44. Kh3 Rd4 45. Kg3
Rd3 46. Kf4 Rxe3 47. Kxe3 a5 48. Kd4 b5 49. Kc3 Kf6 50. Kd4 a4 51. Ke4 a3 52.
f4 a2 0-1

[Event "11. Lichtenberger Sommer"]
[Site "Berlin"]
[Date "2012.08.26"]
[Round "9.103"]
[White "Ziegel, Mandy Marie"]
[Black "Winz, Michael"]
[Result "0-1"]
[WhiteElo "853"]
[BlackElo "1663"]
[PlyCount "110"]
[EventDate "2012.??.??"]
[WhiteTeam "Schachclub Oranienburg e.V."]
[BlackTeam "SC Friesen Lichtenberg e.V."]

1. d4 d5 2. c4 Nf6 3. Nc3 e6 4. Bg5 Be7 5. f3 O-O 6. cxd5 exd5 7. e4 dxe4 8.
fxe4 h6 9. Bh4 c6 10. Nf3 Bg4 11. Be2 Nh7 12. Bxe7 Qxe7 13. O-O Nd7 14. Qd2
Rad8 15. Rad1 Nc5 16. Qf4 Bxf3 17. Qxf3 Ng5 18. Qf5 Ncxe4 19. Rfe1 Nxc3 20.
bxc3 Qe3+ 21. Kf1 Qxc3 22. d5 cxd5 23. Rxd5 Rxd5 24. Qxd5 Qf6+ 25. Kg1 b6 26.
Bd3 Rd8 27. Qb5 Qd4+ 28. Kh1 Qxd3 29. Re8+ Rxe8 30. Qxe8+ Kh7 31. h4 Qf1+ 32.
Kh2 Qf4+ 33. Kg1 Qxh4 34. Qe3 Qe4 35. Qd2 Qg4 36. Kf2 Ne4+ 37. Ke3 Nxd2 38.
Kxd2 Qxg2+ 39. Kc3 Qxa2 40. Kd4 b5 41. Ke5 f6+ 42. Kd6 Qc4 43. Ke7 Qc6 44. Kd8
Qb7 45. Ke8 Kg8 46. Kd8 g5 47. Ke8 Qc6+ 48. Ke7 f5 49. Kd8 f4 50. Ke7 f3 51.
Kd8 f2 52. Ke7 f1=R 53. Kd8 Rf8+ 54. Ke7 Rf7+ 55. Kd8 Qd7# 0-1